00738nam a2200217 a 450000100100000000500170001000800410002702000150006804000250008308200210010810000350012924500480016425000110021226000370022330000210026049000170028150000620029883000240036095201190038499900170050300004269220201002040330.0140205s1984 sp 000 0 spa d a8432208213 aDO-SdBNPbspacBNPHU axxxbT821b, 19841 aTrías, Eugeniod1942-92079813aLo bello y lo siniestro /cEugenio Trías. a2a ed. aBarcelona :bSeix Barral,c1984. a190 p. ;c20 cm.1 aNuevo ensayo aIncluye datos del autor en la solapa de la contracubierta 0aNuevo ensayo934119 001050718MOaGRbGRcCTd2014-02-05iLF1l0oxxx T821b, 1984p42692-10r2020-06-25w2020-06-25y1ZNo se presta c42181d42181